000 00426nam a2200169 a 4500
001 36283
005 20180714004811.0
008 140415s1998 000 0 spa d
020 _a9686964851
041 _aspa
082 _a657.45
_bNOR
245 0 0 _aNORMAS Y PROCEDIMIENTOS DE AUDITORIA
250 _a18a ed.
260 _a[s.l.] :
_bIMCP,
_c1998
300 _a196
650 1 4 _aAUDITORIA
_xCONTABILIDAD
999 _c36283
_d36283